000 00296nam a22001217a 4500
020 _a93-94472-66-2
082 _a82-83=573.14
_bMAN
100 _aMANAVENDRA NADHAN
245 _aMalayalathinte madhura mozhikal (Malayalam)
260 _aKannur
_bKairali Books
_c2023
300 _a112
942 _cBK
999 _c75189
_d75189